Le champ litteraire franca̧is au XXe siec̀le : (Record no. 133850)

MARC details
000 -LEADER
fixed length control field 00977cam a2200289 a 4500
003 - CONTROL NUMBER IDENTIFIER
control field EG-GiCUC
008 - FIXED-LENGTH DATA ELEMENTS--GENERAL INFORMATION
fixed length control field 140610s2002 fr g 000 0afre
020 ## - INTERNATIONAL STANDARD BOOK NUMBER
International Standard Book Number 2200250592
020 ## - INTERNATIONAL STANDARD BOOK NUMBER
International Standard Book Number 9782200250591
040 ## - CATALOGING SOURCE
Original cataloging agency EG-GiCUC
Language of cataloging fre
Transcribing agency EG-GiCUC
092 04 - LOCALLY ASSIGNED DEWEY CALL NUMBER (OCLC)
Classification number 848.91409
Item number T534
Edition number 21
099 ## - LOCAL FREE-TEXT CALL NUMBER (OCLC)
Classification number 04
-- 848.91409 T534
100 1# - MAIN ENTRY--PERSONAL NAME
Personal name Thumerel, Fabrice.
245 13 - TITLE STATEMENT
Title Le champ litteraire franca̧is au XXe siec̀le :
Remainder of title elements pour une sociologie de la litterature /
Statement of responsibility, etc. Fabrice Thumerel.
260 ## - PUBLICATION, DISTRIBUTION, ETC.
Place of publication, distribution, etc. Paris :
Name of publisher, distributor, etc. A. Colin,
Date of publication, distribution, etc. c2002.
300 ## - PHYSICAL DESCRIPTION
Extent 235 p. ;
Dimensions 24 cm.
490 1# - SERIES STATEMENT
Series statement Collection U.;Lettres.
504 ## - BIBLIOGRAPHY, ETC. NOTE
Bibliography, etc. note Includes bibliographical references (p. [211]-220) and index.
600 10 - SUBJECT ADDED ENTRY--PERSONAL NAME
Personal name Bourdieu, Pierre,
Dates associated with a name 1905-1980
General subdivision Influence.
600 10 - SUBJECT ADDED ENTRY--PERSONAL NAME
Personal name Sartre, Jean-Paul,
Dates associated with a name 1905-1980.
650 #0 - SUBJECT ADDED ENTRY--TOPICAL TERM
Topical term or geographic name entry element Authors, French
Chronological subdivision 20th century
Form subdivision Biography.
700 1# - ADDED ENTRY--PERSONAL NAME
Personal name Sartre, Jean-Paul,
Dates associated with a name 1905-1980
Title of a work Nausee.
902 ## - LOCAL DATA ELEMENT B, LDB (RLIN)
No. of Items 1
905 ## - LOCAL DATA ELEMENT E, LDE (RLIN)
Cataloger Eman
Reviser Rev.
905 ## - LOCAL DATA ELEMENT E, LDE (RLIN)
Cataloger Jamal
Reviser Cat.
942 ## - ADDED ENTRY ELEMENTS (KOHA)
Source of classification or shelving scheme Dewey Decimal Classification
Koha item type Books
Holdings
Source of classification or shelving scheme Not for loan Home library Current library Date acquired Full call number Barcode Date last seen Copy number Koha item type
Dewey Decimal Classification   المكتبة المركزبة الجديدة - جامعة القاهرة قاعة الثقاقات الاجنبية - الدور الثالث 11.02.2024 848.91409 T534 Fre. 01000110198325000 05.07.2024 C.1 Books
Cairo University Libraries Portal Implemented & Customized by: Eng. M. Mohamady Contacts: new-lib@cl.cu.edu.eg | cnul@cl.cu.edu.eg
CUCL logo CNUL logo
© All rights reserved — Cairo University Libraries
CUCL logo
Implemented & Customized by: Eng. M. Mohamady Contact: new-lib@cl.cu.edu.eg © All rights reserved — New Central Library
CNUL logo
Implemented & Customized by: Eng. M. Mohamady Contact: cnul@cl.cu.edu.eg © All rights reserved — Cairo National University Library